000 00281nam a2200121Ia 4500
008 190216s9999||||xx |||||||||||||| ||und||
100 _aRama Varma Veliya Raja P
245 0 _aBoomarasandesam
260 _bRadh-Ind Pub
_c1966
300 _a76p
650 _aKavithkal
942 _cBK
999 _c24193
_d24193